Finanse i bankowosc 5

Uložené v:
Podrobná bibliografia
Ďalší autori: Myszkowska, Maria, Misinska, Danuta
Médium: Kniha
Jazyk:Polish
English
Vydavateľské údaje: Wroclaw Wydawnictwo Akademii Ekonomicznej im. Oskara Langego we Wroclawiu 1998
Edícia:Prace naukowe nr. 776
Predmet:
Tagy: Pridať tag
Žiadne tagy, Buďte prvý, kto otaguje tento záznam!

MARC

LEADER 00000nam a2200000 4500
001 c122215
005 20221221082350.0
022 |a 0324-8445, 1426-1278 
041 0 |a pol 
041 0 |a eng 
044 |a PL 
245 1 0 |a Finanse i bankowosc 5  |c Redaktorzy naukowi: Maria Myszkowska, Danuta Misinska 
264 1 |a Wroclaw  |b Wydawnictwo Akademii Ekonomicznej im. Oskara Langego we Wroclawiu  |c 1998 
300 |a 210 s. 
490 1 |a Prace naukowe  |v nr. 776 
830 0 |a Prace naukowe  |v nr. 776 
610 2 0 |a financie 
610 2 0 |a bankovníctvo 
610 2 0 |a kontroling 
610 2 0 |a riziko 
610 2 0 |a záruka 
610 2 0 |a banky 
610 2 0 |a účtovníctvo bankové 
610 2 0 |a služby bankové 
610 2 0 |a karty platobné 
610 2 0 |a podnik obchodný 
610 2 0 |a trh finančný 
610 2 0 |a amortizácia 
610 2 0 |a predpisy právne 
610 2 0 |a banky obchodné 
610 2 0 |a dividendy 
610 2 0 |a zabezpečenie nemocenské 
610 2 0 |a obligácie 
610 2 0 |a investície 
610 2 0 |a Afrika 
610 2 0 |a Poľsko 
700 1 |a Myszkowska, Maria 
700 1 |a Misinska, Danuta